000 00996nam a22003617a 4500
001 BR7801758
003 BR-BrBNA
005 20230928085548.0
007 ta
008 230509b bl.||||| |||| 00| 0 por d
040 _aBR-BrBNA
_bpor
_cBiblioteca Nacional de Agricultura
041 _a(Por)
072 _aE10; F25; E70
_b/G514
090 _ E10 BR7801758
100 1 _aFranco, F.G.
110 1 _aAssociacao Nacional para Difusao de Adubos, Sao Paulo, SP (Brasil)
_9687
245 1 _aAnalise setorial, um estudo de caso sobre a industria de fertilizantes [Brasil]
260 3 _aSao Paulo, SP (Brasil):
_c1977.
300 _a37 p.
500 _a24 tables
650 _aFERTILIZANTE
650 _aINDUSTRIA AGRICOLA
650 _aECONOMIA DA PRODUCAO
650 _aCONSUMO
650 _aMERCADO NACIONAL
650 _aIMPORTACAO
650 _aPRECO
650 _aCUSTO
650 _aOFERTA
650 _aDEMANDA
909 _a202309
_bLucia
_c55
_dLucia Elande
942 _cBK
999 _c25098
_d25098